[Event "Ohrid Lasker U20 op"]
[Site "Ohrid"]
[Date "2019.10.13"]
[Round "7"]
[White "Lazovic, Emilija"]
[Black "Brisku, Sotiraq"]
[Result "1/2-1/2"]
[WhiteElo "1260"]
[BlackElo "1117"]
[PlyCount "82"]
[EventDate "2019.10.10"]
[EventType "swiss"]
[EventRounds "7"]
[EventCountry "MKD"]
[SourceTitle "CBM 192 Extra"]
[Source "Chessbase"]
[SourceDate "2019.11.06"]
[SourceVersion "1"]
[SourceVersionDate "2019.11.06"]
[SourceQuality "1"]

1. e4 e6 2. d4 d5 3. Nc3 Nc6 4. e5 Bd7 5. f4 Bb4 6. a3 Bxc3+ 7. bxc3 Nge7 8. Nf3 h6 9. Bd3 Rc8 10. 0-0 b6 11. Qe1 g6 12. g4 Nb8 13. Be3 c5 14. Bf2 c4 15. Be2 Ba4 16. Ra2 Nd7 17. Kh1 Ng8 18. f5 gxf5 19. gxf5 Ne7 20. fxe6 fxe6 21. Nh4 Nf8 22. Bh5+ Kd7 23. Be3 Bc6 24. Qf2 Kc7 25. Qf6 Rh7 26. Bxh6 Ng8 27. Qxf8 Qxf8 28. Bxf8 Rxh5 29. Bd6+ Kb7 30. Nf3 Nh6 31. a4 Nf5 32. Rg1 Nxd6 33. exd6 Rd8 34. Rg7+ Rd7 35. Rxd7+ Bxd7 36. Ne5 Kc8 37. a5 b5 38. a6 Rh3 39. Rb2 Rxc3 40. Nxd7 Kxd7 41. Rxb5 Kxd6 1/2-1/2

[Event "Ohrid Lasker U20 op"]
[Site "Ohrid"]
[Date "2019.10.12"]
[Round "6"]
[White "Brisku, Sotiraq"]
[Black "Ivanov, Andrey4444"]
[Result "0-1"]
[WhiteElo "1117"]
[BlackElo "1303"]
[PlyCount "45"]
[EventDate "2019.10.10"]
[EventType "swiss"]
[EventRounds "7"]
[EventCountry "MKD"]
[SourceTitle "CBM 192 Extra"]
[Source "Chessbase"]
[SourceDate "2019.11.06"]
[SourceVersion "1"]
[SourceVersionDate "2019.11.06"]
[SourceQuality "1"]

1. d4 f5 2. c4 Nf6 3. Nf3 g6 4. e3 Bg7 5. Nc3 0-0 6. Qb3 Kh8 7. Be2 d6 8. h4 Qe8 9. Bd2 e5 10. d5 Na6 11. Na4 Bd7 12. Nc3 Nc5 13. Qc2 f4 14. exf4 exf4 15. 0-0-0 Bf5 16. Ne4 Bxe4 17. Qc3 Nxd5 18. Qa3 Na4 19. Bc3 Ndxc3 20. bxc3 Bxc3 21. Qb3 Bg7 22. Rhe1 Bb2+ 23. Kd2 0-1

[Event "Struga Lake Queen op"]
[Site "Struga"]
[Date "2019.09.09"]
[Round "7"]
[White "Lusheska, Elena"]
[Black "Brisku, Sotiraq"]
[Result "1/2-1/2"]
[WhiteElo "1047"]
[BlackElo "1110"]
[PlyCount "64"]
[EventDate "2019.09.07"]
[EventType "swiss"]
[EventRounds "7"]
[EventCountry "MKD"]
[SourceTitle "EXT 2021"]
[Source "ChessBase"]
[SourceDate "2020.10.23"]
[SourceVersion "1"]
[SourceVersionDate "2020.10.23"]
[SourceQuality "1"]

1. e4 e6 2. d4 d5 3. e5 c5 4. c3 Nc6 5. Nf3 cxd4 6. cxd4 Bb4+ 7. Nc3 Bd7 8. Bd2 Qb6 9. a3 Be7 10. Bc1 Na5 11. b4 Nc6 12. Be3 Qc7 13. Bd3 Nxb4 14. Nb5 Nxd3+ 15. Qxd3 Bxb5 16. Qxb5+ Qc6 17. Qxc6+ bxc6 18. 0-0 f6 19. Rfc1 Rc8 20. Nd2 fxe5 21. dxe5 c5 22. h3 d4 23. Bxd4 Nh6 24. g4 Bg5 25. Be3 Bxe3 26. fxe3 0-0 27. Ne4 c4 28. Nd6 Rc5 29. Rxc4 Rxe5 30. Re1 Rd8 31. Nb7 Rd7 32. Rc8+ Kf7 1/2-1/2

[Event "Ohrid Lasker U20 op"]
[Site "Ohrid"]
[Date "2018.10.13"]
[Round "5"]
[White "Spasov, Igor Aleksandar"]
[Black "Brisku, Sotiraq"]
[Result "1/2-1/2"]
[WhiteElo "1289"]
[BlackElo "1037"]
[PlyCount "44"]
[EventDate "2018.10.11"]
[EventType "swiss"]
[EventRounds "7"]
[EventCountry "MKD"]
[SourceTitle "CBM 186 Extra"]
[Source "ChessBase"]
[SourceDate "2018.08.24"]
[SourceVersion "1"]
[SourceVersionDate "2018.08.24"]
[SourceQuality "1"]

1. e4 e5 2. Nf3 Nc6 3. Bc4 h6 4. 0-0 Nf6 5. d3 Bc5 6. Be3 Bb6 7. Nc3 0-0 8. Qd2 Bxe3 9. fxe3 d6 10. h3 Be6 11. Bb3 Qd7 12. Kh2 Na5 13. d4 Nxb3 14. axb3 Qe7 15. d5 Bd7 16. Rad1 Rfd8 17. Qf2 b5 18. b4 c6 19. Qg3 Nh5 20. Qh4 Qxh4 21. Nxh4 Nf6 22. Nf3 a5 1/2-1/2